Regions and Autonomous Republics of Georgia (With a Map) - Statistics

General Stats
  • This quiz has been taken 2,135 times
  • The average score is 6 of 12
Answers on the Map
Answers color-coded by a green-red scale on the quiz's map according to % correct below.
 
Answer Stats
Region or Autonomous Republic % Correct
Abkhazia
92%
Tbilisi
88%
Guria
47%
Kakheti
47%
Imereti
46%
Samegrelo-Zemo Svaneti
41%
Racha-Lechkhumi and Kvemo Svaneti
38%
Shida Kartli
37%
Kvemo Kartli
36%
Samtskhe-Javakheti
36%
Ajaria
35%
Mtskheta-Mtianeti
33%
No matching quizzes found
Score Distribution
Percent of People with Each Score
Percentile by Number Answered
Your Score History
You have not taken this quiz